000 00506cam a2200205ua 4500
001 11418
005 20260515114742.0
008 190918n ii |||gr||||Z||||||eng
020 _a9789386846655
040 _cMAIN
041 _aeng
082 _a301
100 _aM K Kashyap.,
_eAuthor.
245 _aTextbook of sociology
_cBy M K Kashyap
250 _a1st ed.
260 _aNew Delhi:
_bEmpire books international,
_c2018.
300 _a296p.
653 _aSociology & anthropology
942 _cBK
999 _c10248
_d10248